000 00841nmm a2200301 a 4500
003 AR-BaBNM
005 20251128203846.0
008 027019s1976 ||||||||||||||000 | spa||
040 _cAR-BaBNM
100 1 _aLlanes, Ricardo M.
245 1 0 _aHistoria de la calle Florida
_n1
260 _aBuenos Aires
_bHonorable Sala de Representantes de la Ciudad de Buenos Aires
_c1976
300 0 _a152 p.
_bil.
650 4 _aCOSTUMBRES Y TRADICIONES
650 4 _aMONUMENTOS HISTORICOS
650 4 _aHISTORIA DE BUENOS AIRES
650 4 _aBIENES CULTURALES
650 4 _aARQUITECTURA
650 4 _aURBANISMO
650 4 _aEDIFICIOS
650 4 _aVIDA SOCIAL
650 4 _aVIDA CULTURAL
650 4 _aBARRIOS
651 4 _aBuenos Aires [Capital Federal]
700 1 _aUnamuno, Miguel
_eprologuista
942 _cBK
998 _cMARTIN
999 _c5213
_d5213